000 00608cam a22002178x 4500
001 1903656
005 20200421093827.0
008 921012r19921935enk j 00011 eng b
015 _ab92Y2090
020 _a0099938200
035 _a1903656
040 0 0 _aWhitaker
082 0 0 _a823.912
_220
100 1 _aJohns, W. E.
_q(William Earl),
_d1893-1968.
_91696
245 1 0 _aBiggles learns to fly /
_cW.E. Johns.
260 _aLondon :
_bRed Fox,
_c1992, c1935.
300 _a204 p. ;
_c18 cm. ;
_epbk.
500 _aOriginally published: London : Boy's Friend Library, 1935.
942 _2ddc
_cBK
956 _aNLS
999 _c341
_d341